LEADER 01414nam0 2200325 450 001 000034531 005 20130325092040.0 010 $a88-00-86010-9 100 $a20130321d1981----km-y0itaa50------ba 101 0 $aita 200 1 $a<>pensiero politico$fKarl R. Popper$ecritiche e proposte del grande teorico liberale in una ricostruzione antologica$gintroduzione di Angelo M. Petroni 210 $aFirenze$cLe Monnier$d1981 215 $a264 p.$d21 cm 225 2 $aQuaderni di Biblioteca della libertà$fcollana diretta da Mario Deaglio e Giuliano Urbani$fCentro di ricerca e documentazione Luigi Einaudi$v22 410 0$12001$aQuaderni di biblioteca della libertà$v22 700 1$aPopper,$bKarl Raimund$0159114 702 1$aPetroni,$bAngelo M. 801 0$aIT$bUniversità della Basilicata - B.I.A.$gREICAT$2unimarc 912 $a000034531 996 $aPensiero politico$997850 997 $aUNIBAS CAT $aEXT014$b01$c20130321$lBAS01$h1109 CAT $aEXT014$b01$c20130321$lBAS01$h1109 CAT $aEXT014$b01$c20130321$lBAS01$h1119 CAT $aEXT014$b01$c20130321$lBAS01$h1121 CAT $aEXT014$b01$c20130322$lBAS01$h1017 CAT $aEXT014$b01$c20130322$lBAS01$h1117 CAT $aEXT014$b01$c20130325$lBAS01$h0920 FMT Z30 -1$lBAS01$LBAS01$mBOOK$1BASA1$APolo Storico-Umanistico$2GEN$BCollezione generale$3FP/55579$655579$5L55579$820130321$f02$FPrestabile Generale LEADER 01512nam a2200337 i 4500 001 991000156969707536 005 20020506105732.0 008 990421s1996 it ||| | ita 020 $a8841337052 035 $ab10038577-39ule_inst 035 $aLE02614143$9ExL 040 $aDip.to Ingegneria dell'Innovazione$bita 082 0 $a512.5 082 0 $a516 100 1 $aCarfagna, A.$0459926 245 10$aComplementi ed esercizi di geometria e algebra lineare /$cG. Vaccaro, A. Carfagna, L. Piccolella 260 $aMilano ; Parigi ; Barcellona :$bMasson,$c1996 300 $ax, 518 p. ;$c24 cm 500 $aIl volume è stato scritto con riferimento al testo di G. Vaccaro, A. Carfagna, L. Piccolella: Lezioni di geometria e algebra lineare del 1995 650 4$aAlgebra lineare 650 4$aGeometria - Esercizi 700 1 $aPiccolella, L. 700 1 $aVaccaro, Giuseppe 907 $a.b10038577$b02-04-14$c31-05-02 912 $a991000156969707536 945 $aLE026 516 VAC 01.02 C.1 1996$g1$i2026000004372$lle026$o-$pE0.00$q-$rl$s- $t0$u47$v13$w47$x0$y.i10042568$z31-05-02 945 $aLE026 516 VAC 01.02 C.2 1996$g0$i2026000005027$lle026$o-$pE0.00$q-$rl$s- $t0$u36$v14$w36$x0$y.i1004257x$z31-05-02 945 $aLE026 516 VAC 01.02 C.3 1996$g0$i2026000005317$lle026$o-$pE0.00$q-$rl$s- $t0$u38$v8$w38$x0$y.i10042581$z31-05-02 996 $aComplementi ed esercizi di geometria e algebra lineare$9177335 997 $aUNISALENTO 998 $ale026$b01-01-99$cm$da $e-$fita$git $h0$i3